[Event "Quebec op"]
[Site "Montreal CAN"]
[Date "2012.07.22"]
[Round "3"]
[White "Voskanyan, Vahagn"]
[Black "Humphreys, Michael"]
[Result "1-0"]
[WhiteElo "2240"]
[BlackElo "2179"]
[PlyCount "128"]
[GameId "2160767909442003"]
[EventDate "2012.07.21"]
[EventType "swiss"]
[EventRounds "9"]
[EventCountry "CAN"]
[SourceTitle "CBM 149 Extra"]
[Source "ChessBase"]
[SourceDate "2012.08.24"]
[SourceVersion "1"]
[SourceVersionDate "2012.08.24"]
[SourceQuality "1"]

1. e4 c6 2. d4 d5 3. exd5 cxd5 4. Bd3 Nc6 5. c3 Qc7 6. Ne2 Bg4 7. Qb3 Bxe2 8. Kxe2 O-O-O 9. Bg5 f6 10. Bh4 e6 11. Na3 a6 12. Bg3 Bd6 13. Rae1 Nge7 14. Kd1 e5 15. Qa4 e4 16. Bf1 h5 17. Bxd6 Rxd6 18. h4 Kb8 19. Nc2 f5 20. g3 Rf8 21. Rg1 g6 22. Be2 f4 23. g4 e3 24. f3 g5 25. gxh5 gxh4 26. Rg4 Rh6 27. Rxh4 Nf5 28. Rh2 Rfh8 29. Nb4 Nxb4 30. Qxb4 Rb6 31. Qa3 Ka7 32. Bd3 Ng3 33. Qc5 Qxc5 34. dxc5 Rbh6 35. Rh4 Rf8 36. Bg6 Kb8 37. Kc2 Kc7 38. b4 Kc6 39. Kd3 Kd7 40. Rg1 Ke6 41. Rxg3 fxg3 42. Kxe3 Rg8 43. Rg4 Kf6 44. f4 a5 45. a3 Rhh8 46. Kf3 axb4 47. axb4 b6 48. c6 b5 49. Rxg3 Rc8 50. Bd3 Rxh5 51. Bxb5 Rh2 52. Bd3 Ke7 53. b5 Kd6 54. Bf5 Rc7 55. Bd3 Rb2 56. Rg5 Rb3 57. Ke3 Rxc3 58. Kd4 Rxd3+ 59. Kxd3 Kc5 60. Ke3 Kxb5 61. Rxd5+ Kxc6 62. Ke4 Re7+ 63. Re5 Kd7 64. Rxe7+ Kxe7 1-0

[Event "Quebec op"]
[Site "Montreal CAN"]
[Date "2012.07.22"]
[Round "3"]
[White "Weston, Paul"]
[Black "Enkh-Amar, Galbadrakh"]
[Result "0-1"]
[WhiteElo "1895"]
[BlackElo "2105"]
[PlyCount "150"]
[GameId "2160767909442004"]
[EventDate "2012.07.21"]
[EventType "swiss"]
[EventRounds "9"]
[EventCountry "CAN"]
[SourceTitle "EXT 2022"]
[Source "ChessBase"]
[SourceDate "2021.10.06"]
[SourceVersion "1"]
[SourceVersionDate "2021.10.06"]
[SourceQuality "1"]

1. f4 d5 2. e3 Nf6 3. Nf3 c5 4. b3 Nc6 5. Bb2 a6 6. Be2 e6 7. O-O d4 8. exd4 cxd4 9. a4 Bc5 10. Bd3 b6 11. Na3 Nd5 12. Ne5 Bb7 13. Qg4 g6 14. Rae1 Nf6 15. Nxf7 Nxg4 16. Nxd8 Nxd8 17. f5 gxf5 18. Rxf5 Rg8 19. g3 Ke7 20. a5 Kd7 21. Rh5 h6 22. axb6 Bxb6 23. Nc4 Ba7 24. Rh4 Nf7 25. h3 Nf6 26. Kh2 Raf8 27. Bxd4 Bxd4 28. Rxd4+ Ke7 29. Ne3 Ng5 30. Nf5+ Kf7 31. Nd6+ Kg7 32. Be2 Ba8 33. h4 e5 34. Nf5+ Kh8 35. Rc4 Nfe4 36. g4 Ne6 37. Nxh6 Rf2+ 38. Kg1 Nf4 39. Bf1 Rf8 40. Nf5 Rxd2 41. Rcxe4 Bxe4 42. Rxe4 Rxc2 43. Rxe5 Rd8 44. Ne3 Rc3 45. Bxa6 Rxb3 46. Bf1 Rd2 47. Re8+ Kg7 48. Nf5+ Kg6 49. Rg8+ Kh7 50. Rg7+ Kh8 51. Rg8+ Kxg8 52. Bc4+ Kh8 53. Bxb3 Rg2+ 54. Kf1 Rxg4 55. Kf2 Ng6 56. Ke3 Rb4 57. Bd5 Ne5 58. Nd4 Kh7 59. Bf3 Kg6 60. Be4+ Kh5 61. Bf3+ Kxh4 62. Be2 Ra4 63. Nf3+ Nxf3 64. Bxf3 Kg3 65. Be4 Ra3+ 66. Kd4 Kf4 67. Bd3 Ra8 68. Bc4 Rd8+ 69. Bd5 Rd7 70. Kc5 Ke5 71. Bc4 Rc7+ 72. Kb4 Kd4 73. Bb3 Rb7+ 74. Ka3 Kc3 75. Bd1 Ra7+ 0-1

[Event "Quebec op"]
[Site "Montreal CAN"]
[Date "2012.07.22"]
[Round "3"]
[White "Wu, Qiyou"]
[Black "Nardone, Raul"]
[Result "1/2-1/2"]
[WhiteElo "2098"]
[BlackElo "1870"]
[PlyCount "115"]
[GameId "2160767909442005"]
[EventDate "2012.07.21"]
[EventType "swiss"]
[EventRounds "9"]
[EventCountry "CAN"]
[SourceTitle "EXT 2022"]
[Source "ChessBase"]
[SourceDate "2021.10.06"]
[SourceVersion "1"]
[SourceVersionDate "2021.10.06"]
[SourceQuality "1"]

1. e4 c5 2. Nf3 e6 3. d4 cxd4 4. Nxd4 a6 5. Bd3 Bc5 6. Nb3 Be7 7. O-O d6 8. Qe2 Nc6 9. c4 Nf6 10. Nc3 O-O 11. Be3 Ne5 12. Rad1 Qc7 13. f4 Nxd3 14. Qxd3 b6 15. f5 Bb7 16. Nd4 e5 17. Nde2 Bc6 18. a4 Qb7 19. Ng3 h6 20. b4 Qc7 21. Qe2 Rac8 22. Nh5 Kh7 23. Nxg7 Kxg7 24. Bxh6+ Kh8 25. Bxf8 Rxf8 26. Rd3 Nh7 27. f6 Bxf6 28. Qh5 Bg5 29. Rg3 Bf4 30. Rh3 f6 31. Rd3 Be8 32. Qe2 Bf7 33. Nd5 Qxc4 34. Nxf4 exf4 35. Rxf4 Qxb4 36. Rh4 Qc5+ 37. Qe3 Qxe3+ 38. Rxe3 Bg6 39. Rc3 Re8 40. Rc6 Bxe4 41. Rxb6 d5 42. Rxa6 Rb8 43. a5 Rb2 44. Ra8+ Kg7 45. Ra7+ Kh8 46. Ra8+ Kg7 47. Rg4+ Kf7 48. a6 Ra2 49. a7 Ra1+ 50. Kf2 Ng5 51. h4 Bf5 52. Rf4 Ne4+ 53. Ke2 Ng3+ 54. Kd2 Ra2+ 55. Kc3 Ne2+ 56. Kb3 Nc1+ 57. Kb4 Nd3+ 58. Kb3 1/2-1/2

[Event "Quebec op"]
[Site "Montreal CAN"]
[Date "2012.07.22"]
[Round "3"]
[White "Xu, Haizhou"]
[Black "Gelet, Seymour"]
[Result "1-0"]
[WhiteElo "2126"]
[BlackElo "2009"]
[PlyCount "109"]
[GameId "2160767909442006"]
[EventDate "2012.07.21"]
[EventType "swiss"]
[EventRounds "9"]
[EventCountry "CAN"]
[SourceTitle "hb 2012"]

1. e4 c6 2. d4 d5 3. e5 Bf5 4. Be3 e6 5. Nd2 Nd7 6. f4 h6 7. c3 Qc7 8. Be2 Be7 9. g4 Bg6 10. h4 O-O-O 11. h5 Bh7 12. Ngf3 Re8 13. O-O g6 14. Kh1 Bd8 15. Rg1 gxh5 16. gxh5 Ne7 17. Nh4 Rhg8 18. Bg4 Nb6 19. b3 Kb8 20. Bf2 Qd7 21. Qf3 Ref8 22. Qh3 f5 23. Be2 Qe8 24. a4 Rxg1+ 25. Bxg1 Bg8 26. Ng2 Bf7 27. Ne1 Rg8 28. Nd3 Nd7 29. c4 Bc7 30. c5 Kc8 31. b4 Bd8 32. Bf2 Kb8 33. b5 Kc8 34. Nb3 Nb8 35. b6 a6 36. Na5 Rg7 37. Rb1 Rg8 38. Nb4 Rg7 39. Kh2 Qg8 40. Nxb7 Kxb7 41. Qf1 Ka8 42. b7+ Ka7 43. Nxa6 Nxa6 44. Bxa6 Kb8 45. Be2 Bc7 46. Bh4 Qe8 47. Bf6 Rg8 48. Qd1 Rg4 49. Qd3 Nc8 50. bxc8=Q+ Kxc8 51. Qa6+ Kd7 52. Rb7 Rxf4 53. Rxc7+ Kxc7 54. Qa7+ Kc8 55. Ba6# 1-0

[Event "Quebec op"]
[Site "Montreal CAN"]
[Date "2012.07.22"]
[Round "3"]
[White "Yun, Chang"]
[Black "Larochelle, Martial"]
[Result "0-1"]
[WhiteElo "1988"]
[BlackElo "2240"]
[PlyCount "92"]
[GameId "2160767909442007"]
[EventDate "2012.07.21"]
[EventType "swiss"]
[EventRounds "9"]
[EventCountry "CAN"]
[SourceTitle "EXT 2022"]
[Source "ChessBase"]
[SourceDate "2021.10.06"]
[SourceVersion "1"]
[SourceVersionDate "2021.10.06"]
[SourceQuality "1"]

1. e4 e5 2. Nf3 Nc6 3. Bc4 Bc5 4. c3 Nf6 5. d3 a6 6. Bb3 O-O 7. Nbd2 d6 8. Nf1 d5 9. Qe2 Re8 10. Bg5 dxe4 11. dxe4 h6 12. Bh4 Be6 13. Bc2 Be7 14. Ne3 Qc8 15. Bg3 Nd7 16. O-O Bf8 17. Rad1 g6 18. Rfe1 Bg7 19. h4 h5 20. Ng5 Nf8 21. Nxe6 Nxe6 22. Nd5 b5 23. a4 Qb7 24. axb5 axb5 25. Ra1 Na5 26. Bd3 c6 27. Ne3 Nb3 28. Rxa8 Rxa8 29. Bc2 Nbc5 30. Rd1 Qc7 31. Qd2 Rd8 32. Qe2 Bh6 33. b4 Nb7 34. Rxd8+ Nbxd8 35. Bb3 Bf4 36. Bxf4 exf4 37. Nf1 Qe7 38. g3 fxg3 39. fxg3 Nb7 40. Qa2 Ned8 41. Nd2 Qe5 42. Nf1 Qxc3 43. Qa3 Qd4+ 44. Kg2 Qxe4+ 45. Kg1 Qd4+ 46. Kg2 Kg7 0-1

[Event "Quebec op"]
[Site "Montreal CAN"]
[Date "2012.07.22"]
[Round "3"]
[White "Zhang, Yuanchen"]
[Black "Gulko, Andrei"]
[Result "1/2-1/2"]
[WhiteElo "1987"]
[BlackElo "2107"]
[PlyCount "95"]
[GameId "2160767909442008"]
[EventDate "2012.07.21"]
[EventType "swiss"]
[EventRounds "9"]
[EventCountry "CAN"]
[SourceTitle "hb 2012"]

1. d4 Nf6 2. c4 e6 3. Nc3 Bb4 4. Qc2 d5 5. cxd5 exd5 6. Bg5 h6 7. Bh4 c5 8. e3 Nc6 9. Nf3 g5 10. Bg3 Qa5 11. Rc1 Ne4 12. Bd3 Nxg3 13. hxg3 g4 14. Ne5 Nxe5 15. dxe5 d4 16. a3 Bxc3+ 17. bxc3 dxe3 18. Be4 Qc7 19. O-O Qxe5 20. Rfe1 Kf8 21. Rxe3 Qf6 22. Qa4 a6 23. Qc4 Kg7 24. Qxc5 Rb8 25. Bd5 b6 26. Qc7 Bf5 27. Re7 Bg6 28. Rce1 Rbc8 29. Qa7 Rhf8 30. c4 b5 31. cxb5 axb5 32. Qa5 Rc5 33. Bb3 Qc3 34. Qxc3+ Rxc3 35. R7e3 Rfc8 36. Bd5 R8c5 37. Be4 Bxe4 38. Rxc3 Rxc3 39. Rxe4 Rxa3 40. Rxg4+ Kf6 41. Rb4 Ra5 42. Kf1 Ke6 43. Ke2 Kd5 44. Rf4 Ra7 45. Kd3 Ke6 46. Re4+ Kd6 47. Rf4 Ke6 48. Re4+ 1/2-1/2

[Event "Quebec op"]
[Site "Montreal CAN"]
[Date "2012.07.22"]
[Round "3"]
[White "Zhang, Zhiyuan"]
[Black "Sun, Mike"]
[Result "1/2-1/2"]
[WhiteElo "2068"]
[BlackElo "1680"]
[PlyCount "44"]
[GameId "2160767909442009"]
[EventDate "2012.07.21"]
[EventType "swiss"]
[EventRounds "9"]
[EventCountry "CAN"]
[SourceTitle "hb 2012"]

1. d4 g6 2. e4 Bg7 3. Nf3 c5 4. d5 d6 5. c4 e5 6. Nc3 Ne7 7. Be3 Nd7 8. Nd2 O-O 9. Be2 f5 10. f3 f4 11. Bf2 Nf6 12. Bd3 g5 13. a3 h5 14. b4 b6 15. Nb3 Rf7 16. Qd2 Ng6 17. h3 Bf8 18. Ne2 Rg7 19. a4 g4 20. hxg4 hxg4 21. O-O-O g3 22. Be1 Bd7 1/2-1/2

[Event "Quebec op"]
[Site "Montreal CAN"]
[Date "2012.07.22"]
[Round "3"]
[White "Zhu, Hong Rui"]
[Black "Desjardins, Michel"]
[Result "1/2-1/2"]
[WhiteElo "2084"]
[BlackElo "1880"]
[PlyCount "46"]
[GameId "2160767909442010"]
[EventDate "2012.07.21"]
[EventType "swiss"]
[EventRounds "9"]
[EventCountry "CAN"]
[SourceTitle "hb 2012"]

1. e4 d5 2. exd5 Qxd5 3. Nc3 Qd6 4. d4 Nf6 5. Nf3 a6 6. Be2 Bf5 7. Be3 Nc6 8. a3 O-O-O 9. b4 e5 10. dxe5 Nxe5 11. Qxd6 Nxf3+ 12. Bxf3 Bxd6 13. O-O-O Rhe8 14. h3 Be5 15. Ne2 Be4 16. Bxe4 Nxe4 17. c4 Nd6 18. c5 Nc4 19. a4 Rxd1+ 20. Rxd1 Nxe3 21. fxe3 Bf6 22. Rd3 Bg5 23. Kd2 Rd8 1/2-1/2

[Event "Quebec op"]
[Site "Montreal CAN"]
[Date "2012.07.23"]
[Round "4"]
[White "Abreu Cordero, Jose"]
[Black "Carrier, Claude"]
[Result "0-1"]
[WhiteElo "2010"]
[BlackElo "2197"]
[PlyCount "162"]
[GameId "2160767909442011"]
[EventDate "2012.07.21"]
[EventType "swiss"]
[EventRounds "9"]
[EventCountry "CAN"]
[SourceTitle "EXT 2022"]
[Source "ChessBase"]
[SourceDate "2021.10.06"]
[SourceVersion "1"]
[SourceVersionDate "2021.10.06"]
[SourceQuality "1"]

1. e4 c5 2. Nf3 e6 3. d4 cxd4 4. Nxd4 Nf6 5. f3 a6 6. c3 d6 7. Be3 Be7 8. Be2 Qc7 9. Bf2 O-O 10. O-O Nbd7 11. Nd2 b6 12. Re1 Bb7 13. c4 Nh5 14. Bf1 g6 15. N2b3 Rad8 16. Qd2 Nc5 17. Rac1 Bf6 18. Rc2 Qe7 19. g3 Ng7 20. Bg2 e5 21. Ne2 Bg5 22. Be3 Bxe3+ 23. Qxe3 Nge6 24. Nbc1 f5 25. b4 fxe4 26. fxe4 Nd7 27. Nc3 Nd4 28. Rd2 Rf7 29. Nb3 Nxb3 30. axb3 Qf8 31. Rf1 Rxf1+ 32. Bxf1 Qe7 33. Bh3 Nf6 34. Re2 Rb8 35. Qxb6 Qf8 36. Qe3 Bc6 37. Rf2 Qe7 38. Nd5 Bxd5 39. exd5 Rxb4 40. Qf3 Kg7 41. Be6 Rb8 42. g4 h6 43. h3 Rf8 44. Qe3 Qc7 45. h4 Qc5 46. Qxc5 dxc5 47. Ra2 Ra8 48. Kf2 Ne4+ 49. Ke3 Nd6 50. Kd3 g5 51. hxg5 hxg5 52. b4 cxb4 53. c5 e4+ 54. Kd4 Nb5+ 55. Kc4 Nc3 56. Ra1 a5 57. c6 e3 58. c7 Ne4 59. c8=Q Nd6+ 60. Kd3 Nxc8 61. Bxc8 Rxc8 62. Rxa5 Rc3+ 63. Ke2 Kf6 64. Rb5 Rc4 65. Kxe3 Rxg4 66. Kf3 Rf4+ 67. Kg3 Rd4 68. Kf3 Ke5 69. d6+ Kxd6 70. Rxg5 Rd5 71. Rg6+ Kc5 72. Ke3 Kc4 73. Rc6+ Kb3 74. Ke2 Kb2 75. Rc8 b3 76. Rc7 Kb1 77. Rc6 b2 78. Rc7 Ka2 79. Ra7+ Kb3 80. Rb7+ Kc3 81. Rc7+ Kb4 0-1

[Event "Quebec op"]
[Site "Montreal CAN"]
[Date "2012.07.23"]
[Round "4"]
[White "Bergeron, Rene"]
[Black "Gilbert, Erick"]
[Result "0-1"]
[WhiteElo "1780"]
[BlackElo "1808"]
[PlyCount "56"]
[GameId "2160767909442012"]
[EventDate "2012.07.21"]
[EventType "swiss"]
[EventRounds "9"]
[EventCountry "CAN"]
[SourceTitle "hb 2012"]

1. c4 Nf6 2. Nc3 g6 3. g3 Bg7 4. Bg2 O-O 5. b4 c6 6. Rb1 d5 7. cxd5 cxd5 8. d3 e5 9. Nf3 e4 10. dxe4 dxe4 11. Qxd8 Rxd8 12. Nd2 e3 13. fxe3 Ng4 14. Nb5 Nxe3 15. Bf3 Nc6 16. Kf2 Ng4+ 17. Kg2 Nd4 18. Nxd4 Rxd4 19. Nf1 Ne5 20. Be3 Nxf3 21. exf3 Rd3 22. Re1 Be6 23. a4 Bc3 24. Rb1 Ba2 25. Rc1 Bxb4 26. Rc7 Bd5 27. Bf2 Bxf3+ 28. Kg1 Rd1 0-1

[Event "Quebec op"]
[Site "Montreal CAN"]
[Date "2012.07.23"]
[Round "4"]
[White "Bojkov, Dejan"]
[Black "Piasetski, Leon"]
[Result "1-0"]
[WhiteElo "2556"]
[BlackElo "2290"]
[PlyCount "39"]
[GameId "2160767909442013"]
[EventDate "2012.07.21"]
[EventType "swiss"]
[EventRounds "9"]
[EventCountry "CAN"]
[SourceTitle "CBM 149 Extra"]
[Source "ChessBase"]
[SourceDate "2012.08.24"]
[SourceVersion "1"]
[SourceVersionDate "2012.08.24"]
[SourceQuality "1"]

1. e4 c5 2. Nf3 e6 3. b3 b6 4. d4 Bb7 5. d5 exd5 6. exd5 Qf6 7. c3 h6 8. Bc4 Ne7 9. O-O Nc8 10. Nbd2 Nd6 11. Re1+ Kd8 12. Ne4 Nxe4 13. Rxe4 Bd6 14. Bb2 Na6 15. Qd2 Nc7 16. Bd3 c4 17. Bxc4 Qf5 18. Bd3 Qh5 19. Rh4 Qxd5 20. Rd4 1-0

[Event "Quebec op"]
[Site "Montreal CAN"]
[Date "2012.07.23"]
[Round "4"]
[White "Bruzon Batista, Lazaro"]
[Black "So, Wesley"]
[Result "1/2-1/2"]
[WhiteElo "2711"]
[BlackElo "2650"]
[PlyCount "44"]
[GameId "2160767909442014"]
[EventDate "2012.07.21"]
[EventType "swiss"]
[EventRounds "9"]
[EventCountry "CAN"]
[SourceTitle "CBM 149 Extra"]
[Source "ChessBase"]
[SourceDate "2012.08.24"]
[SourceVersion "1"]
[SourceVersionDate "2012.08.24"]
[SourceQuality "1"]

1. e4 c6 2. d4 d5 3. Nc3 dxe4 4. Nxe4 Bf5 5. Ng3 Bg6 6. h4 h6 7. Nf3 Nd7 8. h5 Bh7 9. Bd3 Bxd3 10. Qxd3 e6 11. Bd2 Ngf6 12. O-O-O Be7 13. Kb1 O-O 14. Ne4 Nxe4 15. Qxe4 Nf6 16. Qe2 Qd5 17. Be3 Rad8 18. Ne5 Nd7 19. Nd3 Qb5 20. Bc1 Bf6 21. Qg4 Kh8 22. Nf4 Rfe8 1/2-1/2

[Event "Quebec op"]
[Site "Montreal CAN"]
[Date "2012.07.23"]
[Round "4"]
[White "Calugar, Arthur"]
[Black "Greeff, Melissa"]
[Result "1-0"]
[WhiteElo "2273"]
[BlackElo "2091"]
[PlyCount "81"]
[GameId "2160767909442015"]
[EventDate "2012.07.21"]
[EventType "swiss"]
[EventRounds "9"]
[EventCountry "CAN"]
[SourceTitle "CBM 149 Extra"]
[Source "ChessBase"]
[SourceDate "2012.08.24"]
[SourceVersion "1"]
[SourceVersionDate "2012.08.24"]
[SourceQuality "1"]

1. Nf3 Nf6 2. c4 e6 3. Nc3 c5 4. g3 Nc6 5. Bg2 a6 6. O-O Qc7 7. d3 Be7 8. e4 d6 9. Ne1 Rb8 10. f4 O-O 11. g4 Rd8 12. g5 Nd7 13. a4 Nd4 14. Be3 Nf8 15. f5 f6 16. Qh5 fxg5 17. Bxg5 Bxg5 18. Qxg5 b5 19. axb5 axb5 20. fxe6 Bxe6 21. Nd5 Bxd5 22. Qxd5+ Nfe6 23. Nc2 Qb7 24. Qxb7 Rxb7 25. Nxd4 Nxd4 26. e5 Re7 27. exd6 Red7 28. Bd5+ Kh8 29. Ra6 g6 30. cxb5 Rxd6 31. Bc4 R6d7 32. b6 Kg7 33. Ra7 Kh6 34. Rf7 Rxf7 35. Rxf7 Rb8 36. b7 Nf5 37. Bd5 Nd6 38. Rd7 Ne8 39. Bc6 g5 40. Re7 Nf6 41. Rc7 1-0

[Event "Quebec op"]
[Site "Montreal CAN"]
[Date "2012.07.23"]
[Round "4"]
[White "Casareno, Erwin"]
[Black "Boudreau, Daniel"]
[Result "1-0"]
[WhiteElo "2246"]
[BlackElo "1956"]
[PlyCount "67"]
[GameId "2160767909442016"]
[EventDate "2012.07.21"]
[EventType "swiss"]
[EventRounds "9"]
[EventCountry "CAN"]
[SourceTitle "hb 2012"]

1. e4 c5 2. Nf3 e6 3. d4 cxd4 4. Nxd4 a6 5. Bd3 Qc7 6. O-O Nf6 7. c4 b6 8. Nc3 Bb4 9. Qe2 Bxc3 10. bxc3 d6 11. f4 Nbd7 12. Ba3 Bb7 13. Rae1 Nc5 14. e5 dxe5 15. fxe5 Nfe4 16. Bxe4 Nxe4 17. Qh5 g6 18. Qh4 Nc5 19. Re3 h6 20. Qf6 Rh7 21. Rg3 Be4 22. Re1 Qb7 23. Rge3 Bxg2 24. Bxc5 bxc5 25. Nxe6 Qe7 26. Nf4 Bb7 27. Rb1 Rb8 28. Nd5 Qf8 29. e6 fxe6 30. Rxe6+ Kd7 31. Rxb7+ Rxb7 32. Qxf8 Kxe6 33. Qf6+ Kd7 34. Qxg6 1-0

[Event "Quebec op"]
[Site "Montreal CAN"]
[Date "2012.07.23"]
[Round "4"]
[White "De Lagrave, Sylvain"]
[Black "Goldner, John"]
[Result "0-1"]
[WhiteElo "1970"]
[BlackElo "1667"]
[PlyCount "88"]
[GameId "2160767909442017"]
[EventDate "2012.07.21"]
[EventType "swiss"]
[EventRounds "9"]
[EventCountry "CAN"]
[SourceTitle "hb 2012"]

1. e4 e5 2. Nf3 Nc6 3. Bb5 a6 4. Ba4 Nf6 5. d3 b5 6. Bb3 Bc5 7. Nc3 h6 8. O-O d6 9. h3 Na5 10. Nd5 Nxb3 11. Nxf6+ Qxf6 12. axb3 Bb7 13. Qe2 O-O-O 14. Be3 Rdg8 15. Bxc5 dxc5 16. Qe3 Qd6 17. Nh4 g6 18. f4 exf4 19. Rxf4 g5 20. Nf5 Qxf4 21. Ne7+ Kb8 22. Qxf4 gxf4 23. Nxg8 Rxg8 24. Rf1 Rg7 25. Rxf4 Ka7 26. Rf6 Rh7 27. Kf2 Bc8 28. Kg3 Be6 29. Kf4 Kb7 30. h4 Kc8 31. g4 Kd7 32. b4 cxb4 33. d4 Ke7 34. g5 hxg5+ 35. hxg5 Rh4+ 36. Kf3 c6 37. Rh6 Rxh6 38. gxh6 Kf6 39. Kf4 a5 40. h7 Kg7 41. h8=Q+ Kxh8 42. Ke5 a4 43. d5 cxd5 44. exd5 a3 0-1

[Event "Quebec op"]
[Site "Montreal CAN"]
[Date "2012.07.23"]
[Round "4"]
[White "Enkh-Amar, Galbadrakh"]
[Black "Libersan, Thierry"]
[Result "1-0"]
[WhiteElo "2105"]
[BlackElo "2153"]
[PlyCount "101"]
[GameId "2160767909442018"]
[EventDate "2012.07.21"]
[EventType "swiss"]
[EventRounds "9"]
[EventCountry "CAN"]
[SourceTitle "EXT 2022"]
[Source "ChessBase"]
[SourceDate "2021.10.06"]
[SourceVersion "1"]
[SourceVersionDate "2021.10.06"]
[SourceQuality "1"]

1. Nf3 Nf6 2. c4 g6 3. g3 Bg7 4. Bg2 O-O 5. O-O d6 6. Nc3 Nbd7 7. d4 e5 8. e4 exd4 9. Nxd4 Re8 10. Re1 a6 11. Rb1 Rb8 12. b3 c5 13. Nc2 Ne5 14. h3 Qa5 15. Bb2 Qc7 16. a4 Nc6 17. Qd2 Be6 18. Nd5 Bxd5 19. cxd5 Na5 20. Bc3 b6 21. Na3 Nd7 22. Bxg7 Kxg7 23. Bf1 Ra8 24. h4 f6 25. Qc3 Qd8 26. Nc2 Ra7 27. Re3 h5 28. Ne1 Ne5 29. Ng2 Ng4 30. Ree1 Qe7 31. Nf4 Nb7 32. b4 cxb4 33. Rxb4 Nc5 34. Qd4 Rb7 35. Kg2 Ne5 36. Reb1 Reb8 37. Be2 Kh6 38. Qd2 Kg7 39. Ne6+ Nxe6 40. dxe6 b5 41. Qd5 Rc7 42. axb5 axb5 43. Rxb5 Rxb5 44. Rxb5 Kh6 45. Rb6 Rc2 46. Qxd6 Qxd6 47. Rxd6 Kg7 48. Bd1 Rc7 49. f4 Nc6 50. Ba4 Nb8 51. Rd7+ 1-0

[Event "Quebec op"]
[Site "Montreal CAN"]
[Date "2012.07.23"]
[Round "4"]
[White "Forget, Luc"]
[Black "Tomb, Maroun"]
[Result "0-1"]
[WhiteElo "2000"]
[BlackElo "2087"]
[PlyCount "94"]
[GameId "2160767909442019"]
[EventDate "2012.07.21"]
[EventType "swiss"]
[EventRounds "9"]
[EventCountry "CAN"]
[SourceTitle "hb 2012"]

1. d4 Nf6 2. c4 d6 3. Nc3 Nbd7 4. e4 e5 5. d5 Nc5 6. Bd3 a5 7. b3 Be7 8. Nge2 O-O 9. O-O Nfd7 10. Be3 Bg5 11. Bc2 Bxe3 12. fxe3 Qg5 13. Rf3 Nf6 14. h3 Bd7 15. Qe1 h5 16. Qg3 Qh6 17. Qf2 Nh7 18. Qg3 h4 19. Qh2 f6 20. g4 hxg3 21. Rxg3 Qh4 22. Rf1 Ng5 23. Kg2 Kf7 24. Rxg5 Qxg5+ 25. Qg3 Qxg3+ 26. Nxg3 Rh8 27. Rh1 Rh7 28. Bd1 Rah8 29. Bg4 Bxg4 30. hxg4 Rxh1 31. Nxh1 Kg6 32. Nf2 Kg5 33. Kg3 g6 34. Nh3+ Kh6 35. Nf2 Rh7 36. Nb5 Rf7 37. Nc3 c6 38. Ne2 b5 39. Nc3 b4 40. Ne2 cxd5 41. exd5 a4 42. Nc1 axb3 43. axb3 e4 44. Na2 Rb7 45. Kf4 f5 46. Nc1 Ra7 47. Nh3 Ra1 0-1

[Event "Quebec op"]
[Site "Montreal CAN"]
[Date "2012.07.23"]
[Round "4"]
[White "Gauthier, Denis"]
[Black "Barre, Michel"]
[Result "1/2-1/2"]
[WhiteElo "1987"]
[BlackElo "1882"]
[PlyCount "61"]
[GameId "2160767909442020"]
[EventDate "2012.07.21"]
[EventType "swiss"]
[EventRounds "9"]
[EventCountry "CAN"]
[SourceTitle "hb 2012"]

1. d4 Nf6 2. c4 e6 3. Nf3 Bb4+ 4. Nbd2 b6 5. a3 Bxd2+ 6. Bxd2 Bb7 7. Bg5 d6 8. e3 Nbd7 9. Be2 h6 10. Bh4 Qe7 11. O-O g5 12. Bg3 Ne4 13. Qc2 O-O-O 14. b4 c5 15. Nd2 Nxg3 16. hxg3 h5 17. Bf3 g4 18. Bxb7+ Kxb7 19. Nb3 Rc8 20. bxc5 dxc5 21. Rab1 Kc7 22. dxc5 Nxc5 23. Nxc5 Qxc5 24. Rb5 Qc6 25. Rfb1 Kd7 26. Rc1 Ke7 27. Qb2 h4 28. Qb4+ Ke8 29. Qc3 Ke7 30. Qb4+ Ke8 31. Qc3 1/2-1/2

[Event "Quebec op"]
[Site "Montreal CAN"]
[Date "2012.07.23"]
[Round "4"]
[White "Gedajlovic, Max"]
[Black "Yun, Chang"]
[Result "0-1"]
[WhiteElo "1817"]
[BlackElo "1988"]
[PlyCount "58"]
[GameId "2160767909442021"]
[EventDate "2012.07.21"]
[EventType "swiss"]
[EventRounds "9"]
[EventCountry "CAN"]
[SourceTitle "EXT 2022"]
[Source "ChessBase"]
[SourceDate "2021.10.06"]
[SourceVersion "1"]
[SourceVersionDate "2021.10.06"]
[SourceQuality "1"]

1. d4 d5 2. c4 e6 3. Nc3 Be7 4. Nf3 Nf6 5. Bg5 Nbd7 6. e3 O-O 7. Be2 a6 8. a4 dxc4 9. Bxc4 c5 10. O-O cxd4 11. Nxd4 Qb6 12. Qe2 Qc5 13. Bh4 Ne5 14. Ba2 Ng6 15. Bg3 Bd6 16. Bxd6 Qxd6 17. Rfd1 Qe7 18. Rac1 Bd7 19. e4 e5 20. Nf5 Qb4 21. Qc4 Qxc4 22. Bxc4 Bc6 23. f3 Rfd8 24. b4 Rac8 25. Nd6 Rc7 26. Kf2 Be8 27. Nxf7 Rxd1 28. Nd6+ Rxc4 29. Rxd1 Rxc3 0-1

[Event "Quebec op"]
[Site "Montreal CAN"]
[Date "2012.07.23"]
[Round "4"]
[White "Gelet, Seymour"]
[Black "Zhu, Hong Rui"]
[Result "1-0"]
[WhiteElo "2009"]
[BlackElo "2084"]
[PlyCount "101"]
[GameId "2160767909442022"]
[EventDate "2012.07.21"]
[EventType "swiss"]
[EventRounds "9"]
[EventCountry "CAN"]
[SourceTitle "hb 2012"]

1. d4 d5 2. c4 e6 3. Nc3 Nf6 4. Bg5 Be7 5. e3 O-O 6. Nf3 a6 7. c5 Nbd7 8. Rc1 b6 9. c6 Nb8 10. Qa4 Ne4 11. Nxe4 dxe4 12. Bxe7 Qxe7 13. Nd2 f5 14. b4 Rd8 15. Bc4 Kh8 16. b5 e5 17. d5 f4 18. Nxe4 Bf5 19. Nd2 Qg5 20. Rc3 Qxg2 21. Rf1 Qxh2 22. e4 Bg4 23. Be2 Bxe2 24. Kxe2 Qh5+ 25. Ke1 g5 26. Ra3 g4 27. Qb4 Qf7 28. Nc4 Qg7 29. Qc3 Re8 30. Rh1 Qg5 31. d6 cxd6 32. Nxd6 Qg6 33. Nxe8 Qxe4+ 34. Kd2 Qd5+ 35. Qd3 Qxh1 36. Nc7 Nxc6 37. Nxa8 Nd4 38. bxa6 Nf3+ 39. Kc3 Qc1+ 40. Kb4 Qc5+ 41. Kb3 Nd4+ 42. Kb2 e4 43. Qc3 Qb5+ 44. Rb3 Qe2+ 45. Ka1 Qf1+ 46. Rb1 Qxf2 47. Rd1 g3 48. Rxd4 Kg8 49. Qc8+ Kg7 50. Qg4+ Kf8 51. Qf5+ 1-0

[Event "Quebec op"]
[Site "Montreal CAN"]
[Date "2012.07.23"]
[Round "4"]
[White "He, Shao Hang"]
[Black "Tessier, Olivier"]
[Result "0-1"]
[WhiteElo "1607"]
[BlackElo "2194"]
[PlyCount "56"]
[GameId "2160767909442023"]
[EventDate "2012.07.21"]
[EventType "swiss"]
[EventRounds "9"]
[EventCountry "CAN"]
[SourceTitle "EXT 2022"]
[Source "ChessBase"]
[SourceDate "2021.10.06"]
[SourceVersion "1"]
[SourceVersionDate "2021.10.06"]
[SourceQuality "1"]

1. d4 Nf6 2. c4 c5 3. d5 b5 4. cxb5 a6 5. bxa6 Bxa6 6. Nc3 d6 7. g3 g6 8. Bg2 Bg7 9. Nf3 Nbd7 10. O-O O-O 11. Re1 Ng4 12. Rb1 Qa5 13. Qc2 Nge5 14. Nd2 Rfb8 15. h3 Nc4 16. Nb3 Qb4 17. Bg5 h6 18. Bf4 g5 19. Bc1 Bc8 20. Nd2 Nde5 21. f4 gxf4 22. gxf4 Nxd2 23. Bxd2 Nc4 24. Qd3 Nxd2 25. Qxd2 Rxa2 26. Ne4 Bf5 27. Qxb4 Rxb4 28. Nc3 Bxc3 0-1